000 00863nam a22002057a 4500
999 _c62360
_d62360
003 Ge_BSU
005 20241009144405.0
008 241009s1977 ge ||||| |||| 00| 0 geo d
041 _ageo
080 _a821.221.18-13 + 398.2(=221.18) ნ-28
245 _aნართები :
_b[ოსური ხალხური ეპოსი] /
_cთარგმნა მ. ცხოვრებოვამ; რედ. გ. ბესთაუთი.
250 _a1-ლი გამოცემა
264 _aცხინვალი :
_bირისთონი,
_c1977.
300 _a231 გვ. ;
_b 22 სმ.
653 _aნართები
653 _aოსური ხალხური ეპოსი
700 _aბესთაუთი, გ.
_eრედაქტორი
_923377
773 _tნაჩუქარი
942 _2udc
_cBK